| 000 | 00523nam a22001937a 4500 | ||
|---|---|---|---|
| 999 |
_c1892 _d1892 |
||
| 003 | SLTCLib | ||
| 008 | 260113b ce ||||| |||| 00| 0 eng d | ||
| 020 | _a9780470888018 | ||
| 041 | _aEnglish | ||
| 082 |
_a658.872 _bCES |
||
| 100 |
_aCesari, Rick _93398 |
||
| 245 |
_aBuy Now _bCreative Marketing |
||
| 260 |
_aNew Jersey _bJohn Wiley and Sons Inc _c2011 |
||
| 300 | _a224p. | ||
| 650 | 0 |
_9713 _aMarketing |
|
| 700 |
_93397 _aLynch, Ron |
||
| 942 |
_2ddc _cMLN |
||
| 945 |
_a3725 _bIshara wickramage _c3725 _dIshara wickramage |
||